000 00997cab a2200217 4500
001 ABS36837
008 090401t1986 xxu||||| |||| 00| 0 eng d
035 _a(Sirsi) u578
041 _aeng
100 _aYoung, E.
245 _aDisturbance compensation : flexibility and the principle of equivalence
260 _c1986
300 _aSee Abstracts 27871,31322
350 _a0
490 _aJPL
_vSeptember 1986, 656-665(10)
520 _aDiscusses whether a landlord whose land is acquired can claim for losses resulting from displacement, such as removal and professional fees . The author examines in detail entitlement to disturbance compensation and the principle of equivalence, following the decisions in Smith v Strathclyde Regional Council and Park Automobile Co Ltd v Strathclyde Regional Council .
690 _aENVIRONMENTAL AND LAND CONSULTANCY-PLANNING AND DEVELOPMENT-COMPULSORY PURCHASE AND COMPENSATION
700 _aRowan-Robinson, J.
942 _n0
948 _c04/03/1997
999 _c277
_d277